[Event "OBEM 2015"]
[Site "Germany , Bremen"]
[Date "2015.04.02"]
[Round "7.14"]
[White "Veit, Ingo"]
[Black "Wuttke, Manfred"]
[Result "0-1"]
[WhiteElo "2001"]
[BlackElo "1802"]
[PlyCount "48"]

1. e4 d6 2. f4 Nf6 3. d3 g6 4. Nf3 Bg7 5. c3 c6 6. Na3 Qb6 7. Nc4 Qc7 8. Ne3
O-O 9. Be2 Ng4 10. h3 Nxe3 11. Bxe3 Nd7 12. O-O e5 13. f5 h6 14. fxg6 fxg6 15.
Nh4 Kh7 16. Qb3 Nf6 17. g4 Qe7 18. Rf3 Be6 19. Qc2 Nxg4 20. Nxg6 Nxe3 21. Nxe7
Nxc2 22. Rc1 Rxf3 23. Bxf3 Ne3 24. Kf2 Re8 0-1

[Event "OBEM 2015"]
[Site "Germany , Bremen"]
[Date "2015.04.02"]
[Round "7.13"]
[White "Boehning, Killian"]
[Black "Bokelmann, Joachim"]
[Result "1/2-1/2"]
[WhiteElo "1914"]
[BlackElo "2022"]
[PlyCount "55"]

1. d4 d5 2. Nf3 Nf6 3. Bf4 c6 4. e3 Bg4 5. Nbd2 e6 6. h3 Bh5 7. c3 Be7 8. Bd3
Bg6 9. Bxg6 hxg6 10. O-O Nbd7 11. Bh2 O-O 12. Ne5 Nxe5 13. Bxe5 Bd6 14. f4 Be7
15. Bxf6 gxf6 16. g4 Kg7 17. Kg2 Rh8 18. Qb3 Qb6 19. Qxb6 axb6 20. a3 b5 21. e4
dxe4 22. Nxe4 f5 23. Nf2 Bd6 24. Kf3 Rh4 25. Rh1 Rah8 26. Rag1 Kf8 27. Rg2 Ke7
28. Re1 1/2-1/2

[Event "OBEM 2015"]
[Site "Germany , Bremen"]
[Date "2015.04.02"]
[Round "7.12"]
[White "Mueller, Wolfgang"]
[Black "Lubbe, Alexander"]
[Result "0-1"]
[WhiteElo "2025"]
[BlackElo "1905"]
[PlyCount "134"]

1. e4 d5 2. exd5 Qxd5 3. Nc3 Qa5 4. d4 Nf6 5. Bd2 Nc6 6. Bb5 Qb4 7. d5 a6 8.
dxc6 axb5 9. Qf3 Bg4 10. Qd3 bxc6 11. f3 Bh5 12. Ne4 Qc4 {(=)} 13. Qxc4 bxc4
14. Nxf6+ exf6 15. Ne2 Bg6 16. Kd1 O-O-O 17. Kc1 Bc5 18. a4 Rhe8 19. Nc3 Bd4
20. Re1 Rxe1+ 21. Bxe1 Be3+ 22. Kb1 Bd2 23. Ka2 Bxc2 24. Ka3 {(=)} Bxc3 25.
Bxc3 c5 26. a5 Bb3 27. Re1 Kb7 28. f4 Rd5 29. g3 Rd3 30. Rf1 h5 31. Rg1 Rf3 32.
Be1 Kc6 33. Rh1 Rd3 34. Bc3 Re3 35. Bd2 Re2 36. Bc3 Rc2 37. h3 Rg2 38. Be1 Rc2
39. Bc3 Rf2 40. Be1 Rf3 41. Rg1 h4 42. gxh4 Rxf4 43. h5 Rf5 44. h4 Rd5 45. Bc3
Rxh5 46. Rxg7 Rxh4 47. Rg1 Rf4 48. Bd2 Rf3 49. Re1 Rd3 50. Bf4 Rd7 51. Rc1 Kb5
52. Be3 Rd1 53. Rxd1 Bxd1 54. a6 Kxa6 55. Bxc5 Kb5 56. Bd4 f5 57. Be5 c6 58.
Bd6 Bb3 59. Bf4 c5 60. Be3 Bc2 61. Ka2 Kc6 62. Ka3 Kd5 63. Ka2 Ke4 64. Bxc5 f4
65. Ka3 Kd3 66. Kb4 Bb3 67. Bg1 f3 0-1

[Event "OBEM 2015"]
[Site "Germany , Bremen"]
[Date "2015.04.02"]
[Round "7.10"]
[White "Rau, Nikita"]
[Black "Webner, Dennis"]
[Result "0-1"]
[WhiteElo "1939"]
[BlackElo "2073"]
[PlyCount "60"]

1. Nf3 d6 2. e4 g6 3. g3 Bg7 4. Bg2 e5 5. O-O Ne7 6. c3 O-O 7. d4 Nbc6 8. Re1
Bg4 9. Be3 Qd7 10. Qd2 f5 11. exf5 Nxf5 12. dxe5 Nxe3 13. e6 Qxe6 14. Ng5 Qf5
15. Qxe3 Bh6 16. Qe6+ Kg7 17. Qxf5 Bxf5 18. Ne6+ Bxe6 19. Rxe6 Bc1 20. a4 Rae8
21. Rxe8 Rxe8 22. Kf1 Ne5 23. Ke2 Ng4+ 24. Kd1 Bh6 25. Bxb7 Nxf2+ 26. Kc2 Re2+
27. Kb3 Nd3 28. Kc4 Ne5+ 29. Kb5 Rxb2+ 30. Ka6 Be3 0-1

[Event "OBEM 2015"]
[Site "Germany , Bremen"]
[Date "2015.04.02"]
[Round "7.9"]
[White "Pautz, Peter"]
[Black "Rieping, Heiner"]
[Result "1-0"]
[WhiteElo "2082"]
[BlackElo "1878"]
[PlyCount "77"]

1. d4 d5 2. Nf3 e6 3. g3 Nf6 4. Bg2 c5 5. O-O Bd6 6. c4 O-O 7. cxd5 Nxd5 8. e4
Nc7 9. Be3 cxd4 10. Nxd4 Bc5 11. Nc3 Qe7 12. Qc1 Bd7 13. Rd1 Bxd4 14. Bxd4 Nc6
15. Be3 Rfd8 16. Qc2 Rac8 17. Qe2 Be8 18. a3 Rxd1+ 19. Rxd1 Rd8 20. b4 Rxd1+
21. Qxd1 b6 22. f4 Qd7 23. Qxd7 Bxd7 24. Kf2 Kf8 25. Bf1 Ne7 26. Bd3 Bc6 27.
Bd4 f6 28. a4 Nc8 29. a5 Ke7 30. Ke3 Kd6 31. e5+ Ke7 32. exf6+ gxf6 33. Bxh7
Nd6 34. Bd3 b5 35. Bxa7 Nc4+ 36. Kd4 Nb2 37. Be2 Na6 38. Bc5+ Kf7 39. Nxb5 1-0

[Event "OBEM 2015"]
[Site "Germany , Bremen"]
[Date "2015.04.02"]
[Round "7.8"]
[White "Balazs, Balint"]
[Black "Peters, Frank"]
[Result "1-0"]
[WhiteElo "1940"]
[BlackElo "2109"]
[PlyCount "125"]

1. e4 g6 2. d4 Bg7 3. Nc3 c6 4. f4 d5 5. e5 h5 6. Be3 Nh6 7. Qd2 a5 8. Nf3 Na6
9. Ne2 Nc7 10. O-O-O Bg4 11. Nh4 Nf5 12. Nxf5 Bxf5 13. Ng3 Bg4 14. Re1 h4 15.
Ne2 Qd7 16. Rg1 b5 17. Kb1 e6 18. Nc1 Bf8 19. Be2 Bb4 20. c3 Bf5+ 21. Ka1 Be7
22. Bf3 b4 23. g4 hxg3 24. hxg3 bxc3 25. bxc3 Rb8 26. Ne2 Ba3 27. g4 Bb2+ 28.
Qxb2 Rxb2 29. gxf5 Rxe2 30. Bxe2 exf5 31. Rb1 Rh3 32. Bc1 Nb5 33. a4 Nxc3 34.
Rb8+ Ke7 35. Ba6 Rh2 36. Bb2 c5 37. Rb7 Qxb7 38. Bxb7 Nxa4 39. Ba3 Nc3 40. Bb2
cxd4 41. Rc1 f6 42. Bxc3 dxc3 43. Bxd5 fxe5 44. fxe5 Rd2 45. Bc4 c2 46. Kb2 g5
47. Rh1 Rd4 48. Rh7+ Ke8 49. Bb3 Re4 50. e6 a4 51. Bd5 Re5 52. Bc6+ Kd8 53.
Rd7+ Kc8 54. e7 a3+ 55. Kxc2 g4 56. Ba4 a2 57. Kb2 Re2+ 58. Ka1 f4 59. Rd8+ Kc7
60. e8=Q Rxe8 61. Rxe8 f3 62. Rf8 Kd6 63. Bd1 1-0

[Event "OBEM 2015"]
[Site "Germany , Bremen"]
[Date "2015.04.02"]
[Round "7.7"]
[White "Bertram, Karsten"]
[Black "Norbach, Alexander"]
[Result "1-0"]
[WhiteElo "2133"]
[BlackElo "1928"]
[PlyCount "71"]

1. d4 d5 2. Nc3 Nf6 3. Bf4 c5 4. e3 a6 5. Nf3 Nc6 6. Ne5 e6 7. Ne2 Nxe5 8. Bxe5
Nd7 9. Bg3 b5 10. Nf4 Bb7 11. Be2 Qa5+ 12. Qd2 Qxd2+ 13. Kxd2 Be7 14. Rhd1 O-O
15. dxc5 Nxc5 16. f3 Rad8 17. Nd3 f6 18. c3 Nd7 19. a4 Nb6 20. axb5 Nc4+ 21.
Ke1 Nxe3 22. bxa6 Ba8 23. Rdc1 e5 24. Bf2 Nxg2+ 25. Kf1 Nf4 26. Nxf4 exf4 27.
Bd4 Rc8 28. b4 Bd8 29. b5 Rb8 30. c4 Re8 31. Rc2 Bc7 32. c5 Be5 33. Bxe5 fxe5
34. b6 Bc6 35. Rb2 e4 36. b7 1-0

[Event "OBEM 2015"]
[Site "Germany , Bremen"]
[Date "2015.04.02"]
[Round "7.6"]
[White "Jung, Gerald"]
[Black "Steingraeber, Kai Uwe"]
[Result "0-1"]
[WhiteElo "1953"]
[BlackElo "2203"]
[PlyCount "46"]

1. e4 c5 2. Nf3 e6 3. d4 cxd4 4. Nxd4 a6 5. Bd3 Nf6 6. Qe2 e5 7. Nb3 Nc6 8. O-O
Be7 9. Nc3 d6 10. Nd5 Nxd5 11. exd5 Nb8 12. f4 Nd7 13. c4 O-O 14. f5 Bg5 15.
Qg4 {(=)} Bxc1 16. Raxc1 Nf6 17. Qh4 b5 18. c5 dxc5 19. Rxc5 Bb7 20. g4 Bxd5
21. g5 Bxb3 22. Rf3 Bd1 23. Rg3 Nh5 0-1

[Event "OBEM 2015"]
[Site "Germany , Bremen"]
[Date "2015.04.02"]
[Round "7.4"]
[White "Buescher, Andre"]
[Black "Kuegel, Tobias"]
[Result "0-1"]
[WhiteElo "2076"]
[BlackElo "2189"]
[PlyCount "96"]

1. e4 c5 2. g3 d5 3. exd5 Qxd5 4. Nf3 Bg4 5. Bg2 Qe6+ 6. Kf1 Nc6 7. h3 Bh5 8.
d3 Qd7 9. Be3 e6 10. Nc3 Nf6 11. Qd2 Be7 12. Kg1 O-O 13. Kh2 Rfd8 14. Rhe1 Bxf3
15. Bxf3 c4 16. Rad1 Ne5 17. Bg2 cxd3 18. Qc1 Qc8 19. Bf4 Nc6 20. Rxd3 Rxd3 21.
cxd3 Nb4 22. Qd1 Qd7 23. Qf3 Rd8 24. Rd1 Nfd5 25. Nxd5 Nxd5 26. Be5 b6 27. h4
Bd6 28. d4 h6 29. Re1 Bxe5 30. dxe5 Nb4 31. Qe4 Na6 32. Re3 Nc5 33. Qc2 Qd4 34.
a3 Nd3 35. Re4 Qxf2 36. Qc7 Rf8 37. Qc3 Nc5 38. Rf4 Qe2 39. b4 Nd7 40. Re4 Qb5
41. Kg1 a5 42. Re1 axb4 43. axb4 Nb8 44. Qd2 Nc6 45. Re3 Nxb4 46. Rb3 Qc5+ 47.
Kh2 Nd5 48. Bxd5 Rd8 0-1

[Event "OBEM 2015"]
[Site "Germany , Bremen"]
[Date "2015.04.02"]
[Round "7.3"]
[White "Stieglitz, Dirk"]
[Black "Kardoeus, David"]
[Result "0-1"]
[WhiteElo "2108"]
[BlackElo "2108"]
[PlyCount "104"]

1. d4 Nf6 2. Bf4 d5 3. e3 c5 4. c3 Nc6 5. Bd3 e6 6. Nd2 Be7 7. h3 O-O 8. Ngf3
a6 9. Ne5 Ne8 10. g4 Bd6 11. Nxc6 bxc6 12. Qf3 cxd4 13. exd4 Rb8 14. b4 f6 15.
Bxd6 Qxd6 16. a3 e5 17. Qg3 e4 18. Qxd6 Nxd6 19. Be2 f5 20. gxf5 Nxf5 21. Nf1
Nh4 22. Ne3 a5 23. b5 cxb5 24. Nxd5 Be6 25. Ne3 Rfc8 26. Rc1 Ng6 27. Bg4 Kf7
28. Kd2 Nf4 29. f3 exf3 30. Rcf1 b4 31. axb4 axb4 32. c4 Ra8 33. Rxf3 Ra2+ 34.
Nc2 g5 35. Bxe6+ Kxe6 36. Re1+ Kd6 37. c5+ Kd5 38. Re5+ Kc4 39. Rxg5 Ne6 40.
Rg4 h5 41. Rh4 Rg8 42. d5+ Kxd5 43. Rxh5+ Kc4 44. Rh4+ Kxc5 45. Rf5+ Kd6 46.
Rxb4 Rg2+ 47. Ke3 Rgxc2 48. Rb6+ Kc7 49. Rbb5 Rc3+ 50. Ke4 Kc6 51. Rfe5 Re2+
52. Kf5 Nd4+ 0-1

[Event "OBEM 2015"]
[Site "Germany , Bremen"]
[Date "2015.04.02"]
[Round "7.2"]
[White "Margraf, Daniel"]
[Black "Lai Hop, Duong"]
[Result "0-1"]
[WhiteElo "2291"]
[BlackElo "2142"]
[PlyCount "76"]

1. e4 c6 2. d4 d5 3. e5 Bf5 4. Nf3 e6 5. Be2 c5 6. dxc5 Bxc5 7. O-O Nc6 8. a3
a6 9. b4 Bb6 10. Nbd2 Bc7 11. Bb2 Nge7 12. Re1 Qb8 13. c4 O-O 14. Bf1 dxc4 15.
Nxc4 Rd8 16. Qb3 b5 17. Ne3 Bg6 18. Qc3 Be4 19. Ng4 Bd5 20. Qe3 Ng6 21. h3 Bxf3
22. Qxf3 Ncxe5 23. Qc3 f6 24. Rac1 Bb6 25. Qb3 Nxg4 26. Qxe6+ Kh8 27. hxg4 Rd2
28. Re2 Nf4 29. Qc8+ Rd8 30. Qc2 Nxe2+ 31. Qxe2 Qf4 32. Re1 h5 33. Bc1 Qxg4 34.
Qe7 Rd7 35. Qe6 Qxe6 36. Rxe6 Rd1 37. Bf4 Bd4 38. Rd6 Re8 0-1

[Event "OBEM 2015"]
[Site "Germany , Bremen"]
[Date "2015.04.02"]
[Round "7.1"]
[White "Jugelt, Tobias"]
[Black "Hundack, Rolf"]
[Result "1-0"]
[WhiteElo "2416"]
[BlackElo "2246"]
[PlyCount "156"]

1. d4 Nf6 2. c4 e6 3. Nf3 d5 4. Nc3 c6 5. Qd3 Be7 6. g3 O-O 7. Bg2 Nbd7 8. O-O
dxc4 9. Qxc4 a6 10. Rd1 Re8 11. e4 Nf8 12. h3 b5 13. Qe2 b4 14. Na4 Qa5 15. b3
Bb7 16. Ne5 c5 17. dxc5 Bxc5 18. Nc4 Qb5 19. Nxc5 Qxc5 20. Nd6 Re7 21. Be3 Qa5
22. Rac1 Rc7 23. Nxb7 Rxb7 24. Rc5 Rb5 25. Rxb5 axb5 26. e5 Nd5 27. Bxd5 exd5
28. Rxd5 Rb8 29. f4 Qa6 30. Qd2 Qg6 31. Kh2 Qb1 32. Qe2 h5 33. Rd1 Qe4 34. Qd3
Qa8 35. Rd2 h4 36. Qd5 hxg3+ 37. Kxg3 Qa6 38. f5 Qc8 39. Rf2 Qe8 40. Bc5 Rd8
41. Bd6 Qd7 42. h4 Rc8 43. h5 Rc3+ 44. Kg2 Qd8 45. Qd2 Qh4 46. Kg1 {(=)} Rh3
47. Rh2 Qg4+ 48. Rg2 Qxh5 49. Qf4 Qd1+ 50. Kf2 Qc2+ 51. Kg1 Qb1+ 52. Kf2 Qxa2+
53. Kg1 Qb1+ 54. Kf2 Qc2+ 55. Kg1 Qd1+ 56. Kf2 Rh1 57. Qe4 Qd2+ 58. Kg3 Qc3+
59. Kf2 Qd2+ 60. Kg3 Qh6 61. Bxb4 Rh3+ 62. Kf2 Qb6+ 63. Ke2 Qa6 64. Qg4 Rh7 65.
Bd2 b4+ 66. Kf2 Qa7+ 67. Ke2 Qa6+ 68. Qc4 Qb7 69. Rf2 Qb8 70. Qd5 Qb6 71. Be3
Qa6+ 72. Qc4 Qa2+ 73. Bd2 Qa1 74. e6 Qe5+ 75. Be3 fxe6 76. fxe6 Qb2+ 77. Kd3
Qb1+ 78. Kd4 Qa1+ {und Schwarz veror wegen Zeitüberschreitung} 1-0